000 00465nam a2200181Ia 4500
001 24139
005 20260414151023.0
008 260414t2015||||xx |||||||||||||| ||spa||
041 _aESP
082 _a781.62985
_bA21
100 _aAcosta Ojeda, Manuel
_eAUT
245 0 _aAportes para un mapa cultural de la música popular del Perú
_b
260 _c2015
300 _a202 páginas :
_c30 cm.
650 _aABD
654 _aCAU
942 _cLIB
_dJUS
_fJUS
_2ddc
_n
999 _c24139
_d24139